000 00512nam a2200133Ia 4500
008 100328s9999 xx 000 0 und d
082 _b71255
100 _aढसाळ नामदेव.
245 _aतुझे बोट धरुन चाललो आहे मी
260 _bलोकवाडे.मयगृह.
630 _aतुझे बोट धरुन चाललो आहे मी
730 _aतुझे बोट धरुन चाललो आहे मी
942 _cBOOK
999 _c556979
_d556976